00705nam a2200181 a 450000100100000000500170001000800410002702000150006804000250008308200150010810000260012324500880014926000460023730000210028353400880030495201140039299900170050600003445120200930073716.0111004s1997 xxu 000 0 spa d a0884195155 aDO-SdBNPbspacBNPHU axxxbL459e1 aLechner, Cathy95988210aEstoy tratando de sentarme a sus pies, pero..., ¿quién cocina? /cCathy Lechner. aEstados Unidos :bCasa creación,c1997. a167 p. :b22 cm. pTítulo original :tI'm trying to sit at his feet, but who's going to cook dinner? 0010507-18MOaGRbGRcOId2011-10-04iLF1l0oxxx L459ep34451-10r2020-06-25w2020-06-25y1ZNo se presta c33942d33942